| 000 | 00538nam a2200169 a 4500 | ||
|---|---|---|---|
| 001 | 000039817 | ||
| 005 | 20201002033742.0 | ||
| 008 | 130723s1974 ag 000 0 spa d | ||
| 040 |
_aDO-SdBNP _bspa _cBNPHU |
||
| 082 | _axxx | ||
| 100 | 1 |
_aCarnegie, Dale _961799 |
|
| 245 | 1 | 0 |
_aCómo suprimir las preocupaciones y disfrutar de la vida / _cDale Carnegie ; traducción Miguel de Hernani. |
| 250 | _a34a ed. | ||
| 260 |
_aBuenos Aires, Argentina : _bCosmo, _c1974. |
||
| 300 |
_a343 p. ; _c20 cm. |
||
| 700 | 1 |
_aHernani, Miguel de, _etr. _94206 |
|
| 999 |
_c39307 _d39307 |
||